000 01015cam a2200289 4500
008 090401t1994 xxu||||| |||| 00| 0 eng d
020 _a0333576810
035 _a(Sirsi) u87499
041 _aeng
050 _a332.6324
100 _aIsaac, David
245 _aProperty finance
260 _aBasingstoke
_bMacmillian
_c1994
300 _axv,267p. ; 24cm.
350 _a15.99
490 _aMacmillan Building and Surveying Series
520 _aAn overview of property finance aimed at both the financial and property sectors, which provides an explanation of the theory and structure of finance and examines institutional investment, property companies and joint ventures.
650 _aINSTITUTIONAL INVESTMENT
650 _aJOINT VENTURES
650 _aPROPERTY COMPANIES
650 _aPROPERTY FINANCE
650 _aPROPERTY INVESTMENT
650 _aSECURITISATION
690 _aPROPERTY-COMMERCIAL PROPERTY-COMMERCIAL PROPERTY FINANCE AND INVESTMENT
942 _n0
948 _c04/03/1997
999 _c97244
_d97244